| 000 | 00357nam a2200157Ia 4500 | ||
|---|---|---|---|
| 008 | 230312s9999||||xx |||||||||||||| ||und|| | ||
| 020 | _a0-201-06694-7 | ||
| 082 |
_a530 _bSEA-U |
||
| 100 | _aSears;Francis,W | ||
| 245 | 0 | _aUniversity Physics | |
| 260 |
_bWesley _aUK _c1987 |
||
| 300 | _aI-10 | ||
| 546 | _aEng. | ||
| 650 |
_aMedical _vPhysics |
||
| 942 | _cBK | ||
| 999 |
_c9320 _d9320 |
||